000 00719nam a22001937a 4500
999 _c7646
_d7646
003 GBCCL
005 20241126110633.0
008 180906b ||||| |||| 00| 0 eng d
040 _cGBC
082 _a239
_bSTO
100 _aStott, John R W
_9325
245 _aBalanced Christianity:
_ba call to avoid unnecessary polarisation
260 _aLondon :
_bHodder and Stoughton,
_c1978
300 _a48p. ;
505 _aUnity, liberty & charity -- Intellect & emotion -- Conservative & radical -- Form & freedom -- Evangelism & social action -- Life in the spirit of truth : an interview with John Stott.
650 _aApologetics -- History -- 20th century.
_913483
650 _aApologetics.
_985
942 _2ddc
_cBK